[Event "Wch Juvenil 2013 sub-18"]
[Site "Al-Ain UAE"]
[Date "2013.12.28"]
[Round "11.26"]
[White "Igambergenov, Alibek"]
[Black "Mejak, Severin"]
[Result "1-0"]
[WhiteElo "2323"]
[BlackElo "2104"]
[PlyCount "93"]
[EventDate "2013.12.19"]
[EventType "swiss"]
[EventRounds "11"]
[EventCountry "UAE"]
[Source "lmi"]
[SourceDate "2013.12.19"]

1. d4 d5 2. c4 e6 3. Nc3 Be7 4. Nf3 Nf6 5. Bg5 O-O 6. e3 h6 7. Bh4 Ne4 8. Bxe7
Qxe7 9. Rc1 c6 10. Bd3 Nxc3 11. Rxc3 dxc4 12. Rxc4 Nd7 13. Bb1 e5 14. Qd3 g6
15. O-O Re8 16. dxe5 Nxe5 17. Nxe5 Qxe5 18. Qd2 Be6 19. Rd4 Qf6 20. Rd1 Qe7 21.
h3 Rac8 22. e4 g5 23. Bc2 c5 24. Rd6 c4 25. Qd4 b6 26. e5 Qf8 27. Ba4 Re7 28.
Qe4 c3 29. Bc2 Qg7 30. bxc3 Bxa2 31. Qa4 Qxe5 32. Qxa2 Qxc3 33. Bd3 Rc5 34.
Rxh6 Rce5 35. Kh2 Kg7 36. Rh7+ Kf8 37. f4 gxf4 38. Qf2 Qb4 39. Qh4 R5e6 40.
Rh8+ Kg7 41. Qh7+ Kf6 42. Qf5+ Kg7 43. Qh7+ Kf6 44. Qh6+ Ke5 45. Qg5+ Kd6 46.
Bc4+ Kc7 47. Bxe6 1-0

[Event "Wch Juvenil 2013 sub-18"]
[Site "Al-Ain UAE"]
[Date "2013.12.28"]
[Round "11.27"]
[White "Saraci, Nderim"]
[Black "Studer, Noel"]
[Result "1/2-1/2"]
[WhiteElo "2047"]
[BlackElo "2385"]
[PlyCount "95"]
[EventDate "2013.12.19"]
[EventType "swiss"]
[EventRounds "11"]
[EventCountry "UAE"]
[Source "lmi"]
[SourceDate "2013.12.19"]

1. e4 a6 2. d4 e6 3. Nf3 d5 4. exd5 exd5 5. Bd3 Bd6 6. O-O Nc6 7. Re1+ Nge7 8.
c3 Bg4 9. Nbd2 Qd7 10. b4 O-O 11. Nf1 Rae8 12. Ng3 Ng6 13. Be2 f5 14. a4 f4 15.
Nf1 Re7 16. b5 Na5 17. h3 Bh5 18. Ne5 Bxe2 19. Nxd7 Bxd1 20. Rxe7 Bxe7 21. Nxf8
Kxf8 22. bxa6 bxa6 23. Nd2 Nc4 24. Nxc4 dxc4 25. a5 Bd6 26. Ba3 Bxa3 27. Rxa3
Ne7 28. Kf1 Nd5 29. Ke1 Bb3 30. Kd2 Nf6 31. f3 Nd5 32. Ra1 g5 33. Re1 Ne3 34.
g3 Kf7 35. gxf4 gxf4 36. Rg1 Bd1 37. Rxd1 Nxd1 38. Kxd1 Ke6 39. Kd2 Kd5 40. Kc2
Ke6 41. Kd2 Kf6 42. Ke1 Kf5 43. Kf2 Kg5 44. Kg2 Kf6 45. Kf1 Ke6 46. Ke2 Kd6 47.
Kd2 Kc6 48. Kc2 1/2-1/2

[Event "Wch Juvenil 2013 sub-18"]
[Site "Al-Ain UAE"]
[Date "2013.12.28"]
[Round "11.29"]
[White "Tvarijonas, Tomas"]
[Black "Horvath, David"]
[Result "0-1"]
[WhiteElo "2176"]
[BlackElo "2351"]
[PlyCount "49"]
[EventDate "2013.12.19"]
[EventType "swiss"]
[EventRounds "11"]
[EventCountry "UAE"]
[Source "lmi"]
[SourceDate "2013.12.19"]

1. e4 e6 2. d4 d5 3. Nc3 Nf6 4. e5 Nfd7 5. f4 c5 6. Nf3 Nc6 7. Be3 Be7 8. Qd2
O-O 9. O-O-O c4 10. g4 b5 11. Nxb5 Rb8 12. Nd6 Bxd6 13. exd6 Nf6 14. Ne5 Nb4
15. Kb1 Ne4 16. Qe1 Qa5 17. a3 c3 18. Bc1 Nxc2 19. Kxc2 Qa4+ 20. Kd3 cxb2 21.
Bxb2 Rxb2 22. Ke3 Qxa3+ 23. Bd3 f6 24. Ra1 fxe5 25. fxe5 0-1

[Event "Wch Juvenil 2013 sub-18"]
[Site "Al-Ain UAE"]
[Date "2013.12.28"]
[Round "11.30"]
[White "Mindlin, Alon"]
[Black "Alarcon Careaga, Gustavo"]
[Result "1/2-1/2"]
[WhiteElo "2307"]
[BlackElo "2133"]
[PlyCount "68"]
[EventDate "2013.12.19"]
[EventType "swiss"]
[EventRounds "11"]
[EventCountry "UAE"]
[Source "lmi"]
[SourceDate "2013.12.19"]

1. d4 d5 2. c4 c6 3. Nf3 Nf6 4. Nc3 e6 5. Bg5 dxc4 6. e4 b5 7. e5 h6 8. Bh4 g5
9. Nxg5 hxg5 10. Bxg5 Nbd7 11. exf6 Bb7 12. Be2 Qb6 13. a4 a6 14. axb5 cxb5 15.
Bf3 O-O-O 16. Qe2 Nb8 17. Be3 Nc6 18. d5 Nd4 19. Bxd4 Qxd4 20. dxe6 Bb4 21.
Bxb7+ Kxb7 22. Qf3+ Kb6 23. O-O Bxc3 24. bxc3 Qd6 25. h3 Qxe6 26. Rfe1 Qd5 27.
Qe3+ Kb7 28. Qe7+ Rd7 29. Qa3 Qc6 30. Re7 Rhd8 31. Rd1 Kb6 32. Rdxd7 Rxd7 33.
Rxd7 Qxd7 34. Qe7 Qd5 1/2-1/2

[Event "Wch Juvenil 2013 sub-18"]
[Site "Al-Ain UAE"]
[Date "2013.12.28"]
[Round "11.32"]
[White "Bargandzhiya, Zaza"]
[Black "Teh, Eu Wen Aron"]
[Result "0-1"]
[WhiteElo "2039"]
[BlackElo "2272"]
[PlyCount "78"]
[EventDate "2013.12.19"]
[EventType "swiss"]
[EventRounds "11"]
[EventCountry "UAE"]
[Source "lmi"]
[SourceDate "2013.12.19"]

1. d4 Nf6 2. c4 e6 3. Nc3 Bb4 4. e3 O-O 5. Nf3 b6 6. Bd3 Bb7 7. O-O c5 8. Na4
cxd4 9. exd4 Be7 10. Bf4 d6 11. Re1 Nbd7 12. Rc1 Re8 13. a3 Rc8 14. b4 Nf8 15.
Nc3 Ng6 16. Bg5 Nd7 17. Bxe7 Qxe7 18. Be4 Nf6 19. Bxb7 Qxb7 20. d5 e5 21. Nd2
Qe7 22. Nce4 Nxe4 23. Nxe4 f5 24. Ng3 Qg5 25. c5 bxc5 26. bxc5 Nh4 27. cxd6
Rxc1 28. Qxc1 f4 29. d7 Rd8 30. Qc8 fxg3 31. hxg3 Ng6 32. d6 Rf8 33. f4 Qf5 34.
Qe8 Qf7 35. Qxf7+ Kxf7 36. fxe5 Ke6 37. Rc1 Rd8 38. Rc8 Rxd7 39. Rg8 Nxe5 0-1

[Event "Wch Juvenil 2013 sub-18"]
[Site "Al-Ain UAE"]
[Date "2013.12.28"]
[Round "11.33"]
[White "Kenneskog, Theodor"]
[Black "Madi, Aslan"]
[Result "1-0"]
[WhiteElo "2270"]
[BlackElo "2099"]
[PlyCount "141"]
[EventDate "2013.12.19"]
[EventType "swiss"]
[EventRounds "11"]
[EventCountry "UAE"]
[Source "lmi"]
[SourceDate "2013.12.19"]

1. d4 Nf6 2. c4 e6 3. Nf3 b6 4. g3 Bb7 5. Bg2 Be7 6. O-O O-O 7. Nc3 Ne4 8. Bd2
f5 9. d5 Bf6 10. Rc1 Na6 11. Ne1 Nac5 12. Nxe4 Nxe4 13. Bxe4 fxe4 14. Bc3 Qe8
15. Ng2 Bg5 16. Bd2 Bxd2 17. Qxd2 Rf5 18. b4 Qf7 19. Ne3 Rh5 20. Qc2 Re8 21.
Qxe4 exd5 22. Qg2 c6 23. cxd5 cxd5 24. Rfd1 Qe6 25. Rd4 Rf8 26. Rcd1 a6 27.
R1d2 Re5 28. R2d3 Bc6 29. Rc3 Qg6 30. Rc1 Qh6 31. Rc3 Qg6 32. f4 Re4 33. Rxe4
dxe4 34. Qf2 Qd6 35. a3 a5 36. bxa5 bxa5 37. h3 Rb8 38. Kh2 Rb2 39. Nc4 Qf6 40.
Rc1 Rb3 41. Nxa5 e3 42. Qe1 Rb2 43. Nxc6 dxc6 44. Qd1 Kf8 45. Qd3 Qe6 46. Rc2
Rxc2 47. Qxc2 Qd6 48. a4 Ke7 49. Qxh7 Qd4 50. a5 Kd8 51. h4 Kc7 52. h5 Kd6 53.
Qg6+ Kc5 54. Qf5+ Kb4 55. a6 Qc4 56. Qb1+ Ka5 57. Qa1+ Kb6 58. Qb2+ Kxa6 59.
Qa3+ Kb5 60. Qxe3 Qf7 61. Qd3+ Kb4 62. Qb1+ Ka4 63. Qg6 Qd7 64. Qe4+ Ka5 65.
Qe5+ Kb4 66. f5 c5 67. h6 gxh6 68. f6 Kb5 69. Qe7 Qf5 70. f7 Qh5+ 71. Kg2 1-0

[Event "Wch Juvenil 2013 sub-18"]
[Site "Al-Ain UAE"]
[Date "2013.12.28"]
[Round "11.35"]
[White "Baskara, Fiodias"]
[Black "Grandadam, Patrik"]
[Result "0-1"]
[WhiteElo "1936"]
[BlackElo "2243"]
[PlyCount "58"]
[EventDate "2013.12.19"]
[EventType "swiss"]
[EventRounds "11"]
[EventCountry "UAE"]
[Source "lmi"]
[SourceDate "2013.12.19"]

1. d4 d5 2. Nf3 e6 3. c4 Nf6 4. Nc3 Bb4 5. Bg5 Nbd7 6. e3 c5 7. Bxf6 Nxf6 8.
Bd3 O-O 9. O-O cxd4 10. exd4 dxc4 11. Bxc4 b6 12. a3 Bxc3 13. bxc3 Bb7 14. Bd3
Rc8 15. Rc1 Qd6 16. Ne5 Qxa3 17. Qd2 Be4 18. Nd7 Nxd7 19. Bxe4 Nf6 20. Bb1 Rc7
21. c4 Rd8 22. Rfd1 Rcd7 23. Qf4 Qc5 24. d5 exd5 25. Re1 dxc4 26. Rxc4 Rd1 27.
Rf1 Qb5 28. Ba2 Rxf1+ 29. Kxf1 Qb2 0-1

[Event "Wch Juvenil 2013 sub-18"]
[Site "Al-Ain UAE"]
[Date "2013.12.28"]
[Round "11.36"]
[White "Klabis, Rokas"]
[Black "Ramos Libon, Jean Piere"]
[Result "1-0"]
[WhiteElo "2239"]
[BlackElo "1947"]
[PlyCount "75"]
[EventDate "2013.12.19"]
[EventType "swiss"]
[EventRounds "11"]
[EventCountry "UAE"]
[Source "lmi"]
[SourceDate "2013.12.19"]

1. e4 c5 2. Nc3 a6 3. g3 Nc6 4. Bg2 g6 5. Nge2 Bg7 6. O-O e6 7. d3 Nge7 8. Be3
Nd4 9. Qd2 O-O 10. Nd1 d5 11. f4 Rb8 12. Rb1 b5 13. Kh1 Nxe2 14. Qxe2 d4 15.
Bd2 a5 16. Nf2 Ba6 17. g4 f6 18. g5 Bb7 19. gxf6 Bxf6 20. Ng4 Bg7 21. Rf3 Qc7
22. Qe1 Nc6 23. Qh4 Qd8 24. Qg3 Kh8 25. Rbf1 Nb4 26. Ne5 Nxc2 27. Qh3 Qe8 28.
Rg3 Kg8 29. Nf3 Rf6 30. Ng5 h6 31. e5 Bxg2+ 32. Rxg2 Rf5 33. Ne4 Rd8 34. Rfg1
Rd7 35. Rxg6 Kh7 36. Nf6+ Rxf6 37. exf6 Bf8 38. f5 1-0

[Event "Wch Juvenil 2013 sub-18"]
[Site "Al-Ain UAE"]
[Date "2013.12.28"]
[Round "11.37"]
[White "Olund, Joar"]
[Black "Thorpe, Thomas"]
[Result "1-0"]
[WhiteElo "2236"]
[BlackElo "1897"]
[PlyCount "95"]
[EventDate "2013.12.19"]
[EventType "swiss"]
[EventRounds "11"]
[EventCountry "UAE"]
[Source "lmi"]
[SourceDate "2013.12.19"]

1. d4 Nf6 2. c4 g6 3. Nc3 Bg7 4. e4 d6 5. Be2 O-O 6. Nf3 Nbd7 7. O-O e5 8. Re1
Re8 9. Bf1 a6 10. d5 a5 11. b3 Nc5 12. Rb1 Bd7 13. Bg5 Bf8 14. Nd2 Be7 15. Nf3
Bg4 16. Bc1 Nh5 17. h3 Bd7 18. Be3 b6 19. Ra1 Ng7 20. g3 f5 21. Bg2 Rf8 22. Qd2
Bf6 23. Rac1 fxe4 24. Ng5 Nd3 25. g4 Nxe1 26. Rxe1 Ne8 27. Ncxe4 Bg7 28. Ne6
Bxe6 29. dxe6 Rc8 30. Nc3 Qe7 31. Nd5 Qxe6 32. Nxb6 c6 33. Nxc8 Qxc8 34. Qxa5
Nf6 35. Rd1 Qd7 36. Bc5 Ne8 37. Qd2 Rf6 38. a4 Qc7 39. Be3 Qb7 40. b4 Qa6 41.
b5 Qxa4 42. Bxc6 Rf8 43. Qd5+ Kh8 44. b6 Qb3 45. c5 Qxd5 46. Rxd5 dxc5 47. Bxc5
Rg8 48. Rd8 1-0

[Event "Wch Juvenil 2013 sub-18"]
[Site "Al-Ain UAE"]
[Date "2013.12.28"]
[Round "11.38"]
[White "Laurusas, Tomas"]
[Black "Grigorian, Roudolph"]
[Result "1-0"]
[WhiteElo "2431"]
[BlackElo "2101"]
[PlyCount "109"]
[EventDate "2013.12.19"]
[EventType "swiss"]
[EventRounds "11"]
[EventCountry "UAE"]
[Source "lmi"]
[SourceDate "2013.12.19"]

1. d4 g6 2. c4 Bg7 3. e4 d6 4. Nc3 Nf6 5. Be2 O-O 6. Be3 c5 7. d5 b5 8. cxb5 a6
9. a4 Qa5 10. Bd2 axb5 11. Bxb5 Ba6 12. Nge2 Qb6 13. O-O Bxb5 14. axb5 Nbd7 15.
Ra4 Qb7 16. b4 Rxa4 17. Qxa4 Ra8 18. Qb3 Ne8 19. Be3 Qa7 20. bxc5 dxc5 21. f4
Nd6 22. e5 Nc8 23. Rb1 Qa3 24. Ne4 c4 25. Qxa3 Rxa3 26. N2c3 f6 27. b6 Ndxb6
28. Bxb6 fxe5 29. Bc5 Rb3 30. fxe5 Bxe5 31. Rxb3 cxb3 32. Nb1 h6 33. Ned2 b2
34. Nc4 Bf6 35. Ba3 Kf7 36. Bxb2 Bxb2 37. Nxb2 e6 38. dxe6+ Kxe6 39. Kf2 Nd6
40. Nc3 Kf5 41. Nd3 g5 42. Kf3 g4+ 43. Ke3 Nc4+ 44. Ke2 Nd6 45. Nd5 h5 46. Ne3+
Kg5 47. Nf2 Nf7 48. Kd3 Nh6 49. Ke4 Ng8 50. Ke5 Ne7 51. Ne4+ Kg6 52. Nd5 Nc6+
53. Kf4 Nd4 54. Ne7+ Kf7 55. Nf5 1-0

[Event "Wch Juvenil 2013 sub-18"]
[Site "Al-Ain UAE"]
[Date "2013.12.28"]
[Round "11.40"]
[White "Drnovsek, Gal"]
[Black "Martinez Maya, Steven"]
[Result "1-0"]
[WhiteElo "2232"]
[BlackElo "2065"]
[PlyCount "79"]
[EventDate "2013.12.19"]
[EventType "swiss"]
[EventRounds "11"]
[EventCountry "UAE"]
[Source "lmi"]
[SourceDate "2013.12.19"]

1. d4 d5 2. c4 c6 3. Nf3 Nf6 4. e3 e6 5. Bd3 Be7 6. O-O Nbd7 7. Nc3 O-O 8. b3
b6 9. Bb2 Bb7 10. e4 dxe4 11. Nxe4 c5 12. Ng3 Qc7 13. Qe2 cxd4 14. Nxd4 Nc5 15.
Bc2 Rfd8 16. b4 Na6 17. a3 Bf8 18. f4 Rac8 19. Rac1 Ba8 20. Bb1 Nb8 21. Qc2
Nbd7 22. Nb5 Qb7 23. Qe2 Be7 24. Rfd1 Nf8 25. Bxf6 Bxf6 26. Nd6 Rxd6 27. Rxd6
Qc7 28. Rdd1 Qxf4 29. Rf1 Qh4 30. Be4 Bxe4 31. Nxe4 Bd4+ 32. Kh1 f5 33. Nd6 Rd8
34. Nb5 Bf6 35. Rcd1 Rc8 36. Nd6 Rd8 37. c5 bxc5 38. bxc5 Qa4 39. Qf3 Be5 40.
Nxf5 1-0

[Event "Wch Juvenil 2013 sub-18"]
[Site "Al-Ain UAE"]
[Date "2013.12.28"]
[Round "11.41"]
[White "Aleman Hernandez, Andres"]
[Black "Savitski, Andrei"]
[Result "0-1"]
[WhiteElo "2110"]
[BlackElo "2150"]
[PlyCount "74"]
[EventDate "2013.12.19"]
[EventType "swiss"]
[EventRounds "11"]
[EventCountry "UAE"]
[Source "lmi"]
[SourceDate "2013.12.19"]

1. e4 c5 2. Nc3 Nc6 3. g3 g6 4. Bg2 Bg7 5. d3 e6 6. Be3 Nd4 7. Qd2 Ne7 8. Nd1
d6 9. c3 Ndc6 10. Bh6 O-O 11. h4 f6 12. Bxg7 Kxg7 13. Ne3 e5 14. f4 f5 15. Nh3
Be6 16. Ng5 Qd7 17. Nxe6+ Qxe6 18. Bh3 d5 19. exf5 gxf5 20. O-O-O d4 21. Nc4 e4
22. g4 e3 23. Qg2 Qd5 24. Qg3 Kh8 25. Bg2 Qe6 26. Kb1 fxg4 27. Be4 Rg8 28. Rhg1
Nf5 29. Bxf5 Qxf5 30. Nd6 Qg6 31. Ne4 Qf5 32. c4 Raf8 33. a3 Qxf4 34. Qxf4 Rxf4
35. Nxc5 g3 36. Ne4 g2 37. Rde1 Ne5 0-1

[Event "Wch Juvenil 2013 sub-18"]
[Site "Al-Ain UAE"]
[Date "2013.12.28"]
[Round "11.42"]
[White "Doluweera, Dinul Thisura"]
[Black "Kisic, Bozidar"]
[Result "1/2-1/2"]
[WhiteElo "1803"]
[BlackElo "2130"]
[PlyCount "144"]
[EventDate "2013.12.19"]
[EventType "swiss"]
[EventRounds "11"]
[EventCountry "UAE"]
[Source "lmi"]
[SourceDate "2013.12.19"]

1. d4 Nf6 2. c4 c5 3. d5 b5 4. cxb5 a6 5. bxa6 Bxa6 6. Nc3 d6 7. Nf3 g6 8. g3
Bg7 9. Bg2 O-O 10. O-O Nbd7 11. Rb1 Ne8 12. Qc2 Nc7 13. Rd1 Nb5 14. Nxb5 Bxb5
15. b3 Ne5 16. Nxe5 Bxe5 17. a4 Bd7 18. e4 Qc7 19. Bb2 Bxb2 20. Rxb2 Rfb8 21.
Bf1 Rb4 22. Rc1 Qb8 23. Rbb1 Qb6 24. Bc4 Bc8 25. Ra1 Ra5 26. Qd3 Ba6 27. Ra3
Bxc4 28. Rxc4 Ra7 29. Rxb4 Qxb4 30. Ra1 Qa5 31. Kg2 Rb7 32. Rc1 Qb4 33. Rc3 f6
34. h4 Rb6 35. Qc4 Qxc4 36. bxc4 Rb4 37. Kf3 Rxa4 38. g4 h6 39. Kf4 Ra2 40. Kg3
Kf7 41. h5 gxh5 42. gxh5 Re2 43. f3 Re1 44. Kf4 Rh1 45. Kg4 Rg1+ 46. Kh4 Rg5
47. Re3 f5 48. exf5 Rxf5 49. Kg4 Rg5+ 50. Kh4 Re5 51. Rxe5 dxe5 52. Kg3 Kf6 53.
Kg4 e4 54. fxe4 Ke5 55. Kf3 Kd4 56. Kf4 Kxc4 57. Ke3 Kb3 58. e5 c4 59. d6 exd6
60. exd6 c3 61. d7 c2 62. d8=Q c1=Q+ 63. Ke2 Qb2+ 64. Kf3 Qg7 65. Qd3+ Kb4 66.
Qg6 Qf8+ 67. Ke4 Kc5 68. Ke5 Qh8+ 69. Kf5 Qf8+ 70. Ke6 Kc6 71. Qe4+ Kc7 72.
Qc4+ Kb8 1/2-1/2

[Event "Wch Juvenil 2013 sub-18"]
[Site "Al-Ain UAE"]
[Date "2013.12.28"]
[Round "11.43"]
[White "Malureanu, Costin-George"]
[Black "Arias, Pablo"]
[Result "1/2-1/2"]
[WhiteElo "2116"]
[BlackElo "2084"]
[PlyCount "37"]
[EventDate "2013.12.19"]
[EventType "swiss"]
[EventRounds "11"]
[EventCountry "UAE"]
[Source "lmi"]
[SourceDate "2013.12.19"]

1. e4 c5 2. Nf3 e6 3. d4 cxd4 4. Nxd4 a6 5. Nc3 b5 6. Bd3 Qb6 7. Nf3 Qc7 8. O-O
Bb7 9. e5 f5 10. Re1 Ne7 11. Nh4 g6 12. Nf3 Nbc6 13. a4 b4 14. Nb1 Nd8 15. Nbd2
Nf7 16. Nc4 g5 17. Nd4 Bh6 18. Qh5 Nd5 19. b3 1/2-1/2

[Event "Wch Juvenil 2013 sub-18"]
[Site "Al-Ain UAE"]
[Date "2013.12.28"]
[Round "11.44"]
[White "Meylan, Andre"]
[Black "Darling, Paul D"]
[Result "1/2-1/2"]
[WhiteElo "2193"]
[BlackElo "1847"]
[PlyCount "97"]
[EventDate "2013.12.19"]
[EventType "swiss"]
[EventRounds "11"]
[EventCountry "UAE"]
[Source "lmi"]
[SourceDate "2013.12.19"]

1. e4 c5 2. Nf3 d6 3. d4 cxd4 4. Nxd4 Nf6 5. Nc3 g6 6. Be3 Bg7 7. Be2 O-O 8.
O-O Nc6 9. Qd2 Bd7 10. f4 Rc8 11. Nb3 a6 12. a4 Na5 13. Rfd1 Nxb3 14. cxb3 Be6
15. b4 Rxc3 16. Qxc3 Nxe4 17. Qc2 d5 18. b5 Qd6 19. bxa6 bxa6 20. Bd3 f5 21.
Qe2 Rb8 22. Rab1 d4 23. Bc4 Rb4 24. Rbc1 Rxa4 25. Bf2 Bf6 26. b3 Rb4 27. Bxe6+
Qxe6 28. Rc4 Rxb3 29. Bxd4 Bxd4+ 30. Rcxd4 Qb6 31. Kf1 Rb2 32. Qe3 Kg7 33. R4d3
Rf2+ 34. Kg1 Qb2 35. Qd4+ Qxd4 36. Rxd4 Rxf4 37. Ra1 Nc3 38. Rxf4 Ne2+ 39. Kf2
Nxf4 40. Rxa6 e5 41. Ra7+ Kh6 42. Re7 e4 43. g4 fxg4 44. Rxe4 Kg5 45. Ra4 h5
46. Kg3 h4+ 47. Kf2 Ne6 48. Ra5+ Kf6 49. Ra4 1/2-1/2

[Event "Wch Juvenil 2013 sub-18"]
[Site "Al-Ain UAE"]
[Date "2013.12.28"]
[Round "11.45"]
[White "Rygg, Snorre"]
[Black "Starcevs, Dmitrijs"]
[Result "0-1"]
[WhiteElo "1838"]
[BlackElo "2178"]
[PlyCount "112"]
[EventDate "2013.12.19"]
[EventType "swiss"]
[EventRounds "11"]
[EventCountry "UAE"]
[Source "lmi"]
[SourceDate "2013.12.19"]

1. c4 Nf6 2. d4 g6 3. Nc3 d5 4. Nf3 Bg7 5. Bg5 Ne4 6. cxd5 Nxg5 7. Nxg5 e6 8.
Nf3 exd5 9. e3 O-O 10. Bd3 c6 11. h4 Bg4 12. Qc2 Nd7 13. O-O-O b5 14. h5 a5 15.
hxg6 hxg6 16. Rdg1 b4 17. Na4 c5 18. dxc5 Qf6 19. Nd4 Rfc8 20. Kb1 Nxc5 21.
Nxc5 Bf8 22. f3 Bxc5 23. Qf2 Bd7 24. Qh4 Qxh4 25. Rxh4 Be7 26. Rhh1 Bg5 27. f4
Bf6 28. Rc1 Re8 29. Rhe1 Bh4 30. Re2 Rec8 31. Nf3 Bf6 32. Rec2 Re8 33. Re2 a4
34. Rc5 a3 35. b3 Be6 36. Nd4 Bg4 37. Nf3 Rad8 38. Kc2 Bb2 39. Kd1 Kg7 40. Ke1
Bc3+ 41. Kf2 Re7 42. Kg3 Bh5 43. Kf2 f6 44. Rc2 Bg4 45. Re2 g5 46. f5 Bh5 47.
Rc2 g4 48. Nd4 g3+ 49. Kg1 Rxe3 50. Ne6+ Kh6 51. Bf1 Re1 52. Rc7 Re8 53. R7xc3
bxc3 54. Rxc3 Be2 55. Rxg3 Rxf1+ 56. Kh2 Rxf5 0-1

[Event "Wch Juvenil 2013 sub-18"]
[Site "Al-Ain UAE"]
[Date "2013.12.28"]
[Round "11.46"]
[White "Thing, Bibek"]
[Black "El Jawich, Amro"]
[Result "0-1"]
[WhiteElo "1902"]
[BlackElo "2156"]
[PlyCount "94"]
[EventDate "2013.12.19"]
[EventType "swiss"]
[EventRounds "11"]
[EventCountry "UAE"]
[Source "lmi"]
[SourceDate "2013.12.19"]

1. e4 c5 2. Nf3 d6 3. Bd3 g6 4. c3 Bg7 5. Bc2 Nf6 6. O-O O-O 7. d4 Bg4 8. h3
Bxf3 9. Qxf3 cxd4 10. cxd4 Nc6 11. Qd1 Rc8 12. Nc3 Qb6 13. d5 Ne5 14. Bb3 Nc4
15. Qe2 Qb4 16. Bxc4 Qxc4 17. Qxc4 Rxc4 18. f3 Nd7 19. Bd2 Nc5 20. Nd1 Nd3 21.
Bc3 Bxc3 22. bxc3 b5 23. Rb1 a6 24. Nb2 Nxb2 25. Rxb2 Rxc3 26. a4 bxa4 27. Ra1
a3 28. Rba2 Rb8 29. Rxa3 Rc2 30. R3a2 Rxa2 31. Rxa2 Rb6 32. Kh2 Kg7 33. Kg3 Kf6
34. Rc2 a5 35. f4 Rb3+ 36. Kf2 a4 37. Rc6 a3 38. e5+ Kf5 39. exd6 exd6 40. Rxd6
Kxf4 41. Ra6 Rb2+ 42. Kg1 a2 43. Kh2 Ke5 44. d6 Ke6 45. Kg3 f5 46. Kf3 g5 47.
Kg3 h5 0-1

[Event "Wch Juvenil 2013 sub-18"]
[Site "Al-Ain UAE"]
[Date "2013.12.28"]
[Round "11.47"]
[White "Hughes, John L"]
[Black "Harutyunyan, Axel"]
[Result "1-0"]
[WhiteElo "2155"]
[BlackElo "1811"]
[PlyCount "69"]
[EventDate "2013.12.19"]
[EventType "swiss"]
[EventRounds "11"]
[EventCountry "UAE"]
[Source "lmi"]
[SourceDate "2013.12.19"]

1. e4 c5 2. Nf3 g6 3. c3 Bg7 4. h3 d5 5. exd5 Qxd5 6. d4 Bf5 7. dxc5 Qxd1+ 8.
Kxd1 Nd7 9. Be3 Ngf6 10. Nd4 Bxb1 11. Rxb1 Nxc5 12. Nb5 Ne6 13. Bc4 a6 14. Bxe6
Rd8+ 15. Nd4 fxe6 16. Kc2 Kf7 17. Nf3 Ne4 18. Rhe1 Bf6 19. Bb6 Rd6 20. Bc7 Rd7
21. Rxe4 Rxc7 22. Rbe1 Rc6 23. h4 h6 24. R1e3 Rd8 25. Ne1 g5 26. hxg5 hxg5 27.
Nd3 Rdd6 28. Rg3 Kg6 29. f4 Kf5 30. Rb4 Rb6 31. fxg5 Rxb4 32. gxf6 Rh4 33. f7
Rh8 34. Rf3+ Ke4 35. Nf2+ 1-0

[Event "Wch Juvenil 2013 sub-18"]
[Site "Al-Ain UAE"]
[Date "2013.12.28"]
[Round "11.48"]
[White "Atanasov, Anatoli"]
[Black "Meisch, Tanguy"]
[Result "1/2-1/2"]
[WhiteElo "2041"]
[BlackElo "1810"]
[PlyCount "35"]
[EventDate "2013.12.19"]
[EventType "swiss"]
[EventRounds "11"]
[EventCountry "UAE"]
[Source "lmi"]
[SourceDate "2013.12.19"]

1. d4 e6 2. Nf3 Nf6 3. g3 Be7 4. Bg2 O-O 5. O-O d5 6. b3 b6 7. c4 Bb7 8. Nc3
Nbd7 9. Bb2 c5 10. e3 Ne4 11. Nxe4 dxe4 12. Ne5 Nxe5 13. dxe5 Qxd1 14. Rfxd1
Rfd8 15. Kf1 Rxd1+ 16. Rxd1 Rd8 17. Rxd8+ Bxd8 18. Ke2 1/2-1/2

[Event "Wch Juvenil 2013 sub-18"]
[Site "Al-Ain UAE"]
[Date "2013.12.28"]
[Round "11.51"]
[White "Du Toit, Stefan"]
[Black "Jacobsen, Fredrik Beer"]
[Result "1/2-1/2"]
[WhiteElo "1822"]
[BlackElo "1966"]
[PlyCount "64"]
[EventDate "2013.12.19"]
[EventType "swiss"]
[EventRounds "11"]
[EventCountry "UAE"]
[Source "lmi"]
[SourceDate "2013.12.19"]

1. e4 c5 2. d4 cxd4 3. c3 Nf6 4. e5 Nd5 5. cxd4 Nc6 6. Nf3 d6 7. Be2 Bg4 8. O-O
e6 9. Nbd2 dxe5 10. dxe5 Qc7 11. Qa4 Bh5 12. Qh4 Bg6 13. Nc4 Bc5 14. Qg3 Rd8
15. Bg5 Nde7 16. Rac1 O-O 17. a3 h6 18. Bf4 Nf5 19. Qh3 Qb8 20. b4 Be7 21. Rfe1
Nfd4 22. Nxd4 Nxd4 23. Bh5 Bh7 24. Rc3 Kh8 25. Bg4 f5 26. Bd1 g5 27. Qxh6 gxf4
28. Rh3 Rf7 29. Bh5 Bf8 30. Qg5 Be7 31. Qh6 Bf8 32. Qg5 Be7 1/2-1/2

[Event "Wch Juvenil 2013 sub-18"]
[Site "Al-Ain UAE"]
[Date "2013.12.28"]
[Round "11.52"]
[White "Hu, Ting-Rey"]
[Black "Hasenohr, Benedict"]
[Result "0-1"]
[WhiteElo "1562"]
[BlackElo "2278"]
[PlyCount "68"]
[EventDate "2013.12.19"]
[EventType "swiss"]
[EventRounds "11"]
[EventCountry "UAE"]
[Source "lmi"]
[SourceDate "2013.12.19"]

1. e4 e6 2. d4 d5 3. exd5 exd5 4. Nf3 Bd6 5. Nc3 Nf6 6. Qe2+ Be7 7. Bf4 O-O 8.
O-O-O Bf5 9. h3 Ne4 10. Nxe4 dxe4 11. Ne5 Nc6 12. g4 Bg6 13. Nxg6 fxg6 14. Be3
b5 15. c3 Rb8 16. Bg2 Qd5 17. Qd3 Qxa2 18. Qxe4 Qa1+ 19. Qb1 Qa6 20. Bd5+ Kh8
21. Qa2 Qb6 22. Kc2 b4 23. Kd2 Bh4 24. Rhf1 Ne7 25. Be4 a5 26. Ra1 Nc8 27. Qxa5
bxc3+ 28. bxc3 Qb2+ 29. Kd3 c5 30. Qxc5 Be7 31. Qc4 Nd6 32. Qe6 Qb5+ 33. Kd2
Nc4+ 34. Kc2 Qb3+ 0-1

[Event "Wch Juvenil 2013 sub-18"]
[Site "Al-Ain UAE"]
[Date "2013.12.28"]
[Round "11.57"]
[White "Marwizi, Tanaka"]
[Black "Sengupta, Arjun"]
[Result "1/2-1/2"]
[BlackElo "1533"]
[PlyCount "87"]
[EventDate "2013.12.19"]
[EventType "swiss"]
[EventRounds "11"]
[EventCountry "UAE"]
[Source "lmi"]
[SourceDate "2013.12.19"]
[WhiteElo "2264"]

1. d4 f5 2. Bf4 Nf6 3. Nf3 g6 4. e3 Bg7 5. c4 d6 6. Nc3 O-O 7. Bd3 c6 8. O-O
Na6 9. Rc1 h6 10. h3 Nc7 11. a3 Nh5 12. Bh2 Kh7 13. b4 a6 14. Ne2 Qe8 15. Nf4
Nxf4 16. Bxf4 e5 17. dxe5 dxe5 18. Qc2 exf4 19. exf4 Qf7 20. Rfe1 Ne6 21. g3
Nd4 22. Nxd4 Bxd4 23. Rcd1 Bg7 24. Be2 Be6 25. Rd6 Rfd8 26. Red1 Rxd6 27. Rxd6
Bf8 28. Rd1 Re8 29. Bd3 b5 30. Rc1 bxc4 31. Bxc4 Bxc4 32. Qxc4 Qxc4 33. Rxc4
Re1+ 34. Kg2 Ra1 35. Rxc6 Rxa3 36. Rc7+ Kg8 37. Rc6 Kf7 38. Rb6 Ra4 39. b5 axb5
40. Rxb5 Rb4 41. Rd5 Be7 42. Rd2 Ke6 43. Re2+ Re4 44. Ra2 1/2-1/2